| 000 | 00766nam a2200241 u 4500 | ||
|---|---|---|---|
| 005 | 20230222063609.0 | ||
| 008 | 181120s2004 r 000 0 eng d | ||
| 020 | _a9685054312 | ||
| 035 | _aUPN01000227966 | ||
| 040 |
_aUPN _bspa _cUPN |
||
| 049 | _aCG | ||
| 050 | 4 |
_aJC571 _bA3.3 |
|
| 100 | 1 |
_aAguayo Cruz, Enrique Ignacio _942791 |
|
| 245 | 1 | 3 |
_aLa filosofía analógico-icónica de los Derechos Humanos en Mauricio Beuchot / _cEnrique Aguayo. |
| 260 |
_aMéxico : _bDucere, _c2004. |
||
| 300 | _a201 p. | ||
| 440 | 0 |
_aHermenéutica, analogía e imagen ; _v8 |
|
| 600 | 1 | 2 |
_aBeuchot, Mauricio, _p1950- _xCrítica e interpretación _927514 |
| 650 | 7 |
_aDerechos humanos _xFilosofía _2 _94202 |
|
| 905 | _aLibro | ||
| 942 |
_2lcc _cLIBRO |
||
| 999 |
_c200061 _d200061 |
||